00433nam a2200145Ia 4500003000900000008004100009040001600050080001700066100002400083245009200107250001200199260002600211300000900237650004100246IN-BaIIA211028s9999 xx 000 0 eng d cIIA Library a551.594bSCH aSchonland, B. F. J. 0aAtmospheric electricitycB. F. J. Schonland  a2nd ed. aLondonbMethuenc1953 a95p. aAstronomy and Astrophysics Thesaurus